<?xml version="1.0" encoding="UTF-8"?>
<record
    xmlns:xsi="http://www.w3.org/2001/XMLSchema-instance"
    xsi:schemaLocation="http://www.loc.gov/MARC21/slim http://www.loc.gov/standards/marcxml/schema/MARC21slim.xsd"
    xmlns="http://www.loc.gov/MARC21/slim">

  <leader>01352nam a2200289Ia 4500</leader>
  <datafield tag="999" ind1=" " ind2=" ">
    <subfield code="c">36422</subfield>
    <subfield code="d">36422</subfield>
  </datafield>
  <controlfield tag="001">2336</controlfield>
  <controlfield tag="003">GE_BSU</controlfield>
  <controlfield tag="005">20190529201151.0</controlfield>
  <controlfield tag="008">181216s2009||||ge |||||||||||||| ||geo||</controlfield>
  <datafield tag="020" ind1=" " ind2=" ">
    <subfield code="a">9789941409233</subfield>
  </datafield>
  <datafield tag="040" ind1=" " ind2=" ">
    <subfield code="c">GE_BSU</subfield>
  </datafield>
  <datafield tag="041" ind1=" " ind2=" ">
    <subfield code="a">geo</subfield>
  </datafield>
  <datafield tag="080" ind1=" " ind2=" ">
    <subfield code="a">637(035) &#x10DB;&#x2013;62</subfield>
  </datafield>
  <datafield tag="245" ind1=" " ind2=" ">
    <subfield code="c">&#x10D0;&#x10D5;&#x10E2;.: &#x10D2;. &#x10EF;&#x10D0;&#x10E7;&#x10D4;&#x10DA;&#x10D8;, &#x10DB;. &#x10E1;&#x10D0;&#x10D2;&#x10D8;&#x10DC;&#x10D0;&#x10EB;&#x10D4;, &#x10D8;. &#x10EB;&#x10D8;&#x10E0;&#x10D9;&#x10D5;&#x10D0;&#x10EB;&#x10D4;, &#x10D6;. &#x10DB;&#x10D0;&#x10EE;&#x10D0;&#x10E0;&#x10D0;&#x10EB;&#x10D4; ; &#x10E0;&#x10D4;&#x10D3;. &#x10DD;. &#x10E8;&#x10D0;&#x10D8;&#x10DC;&#x10D8;&#x10EB;&#x10D4;.</subfield>
    <subfield code="a">&#x10DB;&#x10D4;&#x10EA;&#x10EE;&#x10DD;&#x10D5;&#x10D4;&#x10DA;&#x10D4;&#x10DD;&#x10D1;&#x10D0; :</subfield>
    <subfield code="b">&#x10E1;&#x10D0;&#x10EE;&#x10D4;&#x10DA;&#x10DB;&#x10EB;&#x10E6;&#x10D5;. &#x10EA;&#x10DC;&#x10DD;&#x10D1;&#x10D0;&#x10E0;&#x10D8; &#x10E4;&#x10D4;&#x10E0;&#x10DB;&#x10D4;&#x10E0;&#x10D7;&#x10D0;&#x10D7;&#x10D5;&#x10D8;&#x10E1; /</subfield>
  </datafield>
  <datafield tag="264" ind1=" " ind2=" ">
    <subfield code="a">&#x10D1;&#x10D0;&#x10D7;&#x10E3;&#x10DB;&#x10D8; : </subfield>
    <subfield code="b">&#x10E8;&#x10DD;&#x10D7;&#x10D0; &#x10E0;&#x10E3;&#x10E1;&#x10D7;&#x10D0;&#x10D5;&#x10D4;&#x10DA;&#x10D8;&#x10E1; &#x10E1;&#x10D0;&#x10EE;&#x10D4;&#x10DA;&#x10DB;&#x10EC;. &#x10E3;&#x10DC;-&#x10E2;&#x10D8;&#x10E1; &#x10D2;&#x10D0;&#x10DB;-&#x10D1;&#x10D0;,</subfield>
    <subfield code="c">2009.</subfield>
  </datafield>
  <datafield tag="300" ind1=" " ind2=" ">
    <subfield code="a">40 &#x10D2;&#x10D5;.; </subfield>
    <subfield code="b">20 &#x10E1;&#x10DB;.</subfield>
  </datafield>
  <datafield tag="504" ind1=" " ind2=" ">
    <subfield code="a"> &#x10D1;&#x10D8;&#x10D1;&#x10DA;&#x10D8;&#x10DD;&#x10D2;&#x10E0;.: &#x10D2;&#x10D5;. 40. </subfield>
  </datafield>
  <datafield tag="541" ind1=" " ind2=" ">
    <subfield code="h">2&#x10DA;.</subfield>
  </datafield>
  <datafield tag="653" ind1=" " ind2=" ">
    <subfield code="a">&#x10DB;&#x10D4;&#x10EA;&#x10EE;&#x10DD;&#x10D5;&#x10D4;&#x10DA;&#x10DD;&#x10D4;&#x10D1;&#x10D0;</subfield>
  </datafield>
  <datafield tag="653" ind1=" " ind2=" ">
    <subfield code="a">&#x10EA;&#x10DC;&#x10DD;&#x10D1;&#x10D0;&#x10E0;&#x10D4;&#x10D1;&#x10D8;</subfield>
  </datafield>
  <datafield tag="700" ind1=" " ind2=" ">
    <subfield code="a">&#x10EF;&#x10D0;&#x10E7;&#x10D4;&#x10DA;&#x10D8;, &#x10D2;.</subfield>
    <subfield code="e">&#x10D0;&#x10D5;&#x10E2;&#x10DD;&#x10E0;&#x10D8;</subfield>
    <subfield code="9">1813</subfield>
  </datafield>
  <datafield tag="700" ind1=" " ind2=" ">
    <subfield code="a">&#x10E1;&#x10D0;&#x10D2;&#x10D8;&#x10DC;&#x10D0;&#x10EB;&#x10D4;, &#x10DB;.</subfield>
    <subfield code="e">&#x10D0;&#x10D5;&#x10E2;&#x10DD;&#x10E0;&#x10D8;</subfield>
    <subfield code="9">1814</subfield>
  </datafield>
  <datafield tag="700" ind1=" " ind2=" ">
    <subfield code="a">&#x10EB;&#x10D8;&#x10E0;&#x10D9;&#x10D5;&#x10D0;&#x10EB;&#x10D4;, &#x10D8;.</subfield>
    <subfield code="e">&#x10D0;&#x10D5;&#x10E2;&#x10DD;&#x10E0;&#x10D8;</subfield>
    <subfield code="9">1806</subfield>
  </datafield>
  <datafield tag="700" ind1=" " ind2=" ">
    <subfield code="a">&#x10DB;&#x10D0;&#x10EE;&#x10D0;&#x10E0;&#x10D0;&#x10EB;&#x10D4;, &#x10D6;.</subfield>
    <subfield code="e">&#x10D0;&#x10D5;&#x10E2;&#x10DD;&#x10E0;&#x10D8;</subfield>
    <subfield code="9">1800</subfield>
  </datafield>
  <datafield tag="700" ind1=" " ind2=" ">
    <subfield code="a">&#x10E8;&#x10D0;&#x10D8;&#x10DC;&#x10D8;&#x10EB;&#x10D4;, &#x10DD;. </subfield>
    <subfield code="e">&#x10E0;&#x10D4;&#x10D3;&#x10D0;&#x10E5;&#x10E2;&#x10DD;&#x10E0;&#x10D8;</subfield>
    <subfield code="9">1798</subfield>
  </datafield>
  <datafield tag="942" ind1=" " ind2=" ">
    <subfield code="c">BK</subfield>
    <subfield code="2">udc</subfield>
  </datafield>
  <datafield tag="952" ind1=" " ind2=" ">
    <subfield code="0">0</subfield>
    <subfield code="1">0</subfield>
    <subfield code="2">udc</subfield>
    <subfield code="4">0</subfield>
    <subfield code="6">637035_&#x10DB;62</subfield>
    <subfield code="7">0</subfield>
    <subfield code="9">35379</subfield>
    <subfield code="a">CPL</subfield>
    <subfield code="b">CPL</subfield>
    <subfield code="c">GEN</subfield>
    <subfield code="d">2018-12-17</subfield>
    <subfield code="g">2.00</subfield>
    <subfield code="o">637(035) &#x10DB;&#x2013;62</subfield>
    <subfield code="p">4450</subfield>
    <subfield code="r">2018-12-17</subfield>
    <subfield code="t">4450</subfield>
    <subfield code="w">2018-12-17</subfield>
    <subfield code="y">BK</subfield>
    <subfield code="z">2 &#x10DA;.</subfield>
  </datafield>
</record>
